000
00330nam a2200133Ia 4500
008
240624s9999 xx 000 0 und d
041
_a
eng
082
_a
658.3 SIL
100
_a
SILZER ROB
245
_a
STRATEGY DRIVEN TALENT MANAGEMENT A LEAD
260
_c
2009
_a
San Francisco
_b
Pfeiffer
300
_a
928 : p.
365
_c
_b
30
999
_c
18030
_d
18030